MLB 2024 Lineups - Statistics

General Stats
  • This quiz has been taken 44 times
  • The average score is 132 of 270
Answer Stats
Team Pos Player % Correct
NYY CF Aaron Judge
100%
NYY DH Giancarlo Stanton
96%
NYY 1B Anthony Rizzo
92%
NYY 2B Gleyber Torres
92%
NYY SS Anthony Volpe
88%
NYY C Austin Wells
85%
BAL SS Gunnar Henderson
85%
NYY RF Juan Soto
85%
BAL RF Anthony Santander
81%
KC SS Bobby Witt Jr.
81%
CLE DH David Fry
81%
SEA CF Julio Rodriguez
81%
KC C Salvador Perez
81%
DET RF Wenceel Perez
81%
TEX RF Adolis Garcia
77%
TB DH Harold Ramirez
77%
CLE 3B Jose Ramirez
77%
TOR DH Justin Turner
77%
ARI 2B Ketel Marte
77%
WAS 2B Luis Garcia
77%
KC 3B Maikel Garcia
77%
ATL 1B Matt Olson
77%
NYY 3B Oswaldo Cabrera
77%
BOS 3B Rafael Devers
77%
NYM RF Starling Marte
77%
PHI SS Trea Turner
77%
TOR 1B Vladimir Guerrero Jr.
77%
NYY LF Alex Verdugo
73%
ATL 3B Austin Riley
73%
TOR SS Bo Bichette
73%
MIA DH Bryan De La Cruz
73%
BOS 1B Dominic Smith
73%
CIN SS Elly De La Cruz
73%
NYM C Francisco Alvarez
73%
NYM SS Francisco Lindor
73%
LAD 1B Freddie Freeman
73%
HOU 2B Jose Altuve
73%
TEX 3B Josh Smith
73%
HOU RF Kyle Tucker
73%
PIT SS Oneil Cruz
73%
TB LF Randy Arozarena
73%
BAL 1B Ryan Mountcastle
73%
LAD DH Shohei Ohtani
73%
CLE CF Tyler Freeman
73%
LAD C Will Smith
73%
HOU DH Yordan Alvarez
73%
BAL C Adley Rutschman
69%
HOU 3B Alex Bregman
69%
CLE C Bo Naylor
69%
MIN SS Carlos Correa
69%
BAL CF Cedric Mullins
69%
TEX SS Corey Seager
69%
CLE 1B Josh Naylor
69%
SEA SS J.P. Crawford
69%
PHI C J.T. Realmuto
69%
SD 3B Manny Machado
69%
ATL CF Michael Harris II
69%
ATL RF Ronald Acuna Jr.
69%
HOU C Yainer Diaz
69%
TB 1B Yandy Diaz
69%
PHI 3B Alec Bohm
65%
TOR C Alejandro Kirk
65%
PHI 1B Bryce Harper
65%
SD RF Fernando Tatis
65%
TOR RF George Springer
65%
DET SS Javier Baez
65%
MIA CF Jazz Chisholm
65%
HOU SS Jeremy Pena
65%
LAD 3B Kike Hernandez
65%
CHW CF Luis Robert Jr.
65%
STL 3B Nolan Arenado
65%
ATL SS Orlando Arcia
65%
ATL 2B Ozzie Albies
65%
NYM 1B Pete Alonso
65%
CLE LF Steven Kwan
65%
LAD LF Teoscar Hernandez
65%
MIL C William Contreras
65%
BOS RF Wilyer Abreu
65%
SEA C Cal Raleigh
62%
ARI 1B Christian Walker
62%
BAL LF Colton Cowser
62%
BOS C Connor Wong
62%
ARI CF Corbin Carroll
62%
ATL DH Marcell Ozuna
62%
STL 1B Paul Goldschmidt
62%
BAL DH Ryan O'Hearn
62%
TB 2B Brandon Lowe
58%
PHI LF Brandon Marsh
58%
NYM LF Brandon Nimmo
58%
OAK DH Brent Rooker
58%
PHI 2B Bryson Stott
58%
WAS SS C.J. Abrams
58%
CHC SS Dansby Swanson
58%
ARI 3B Eugenio Suarez
58%
CHC LF Ian Happ
58%
SD CF Jackson Merrill
58%
BOS CF Jarren Duran
58%
NYM 2B Jeff McNeil
58%
TB RF Josh Lowe
58%
PHI DH Kyle Schwarber
58%
ARI LF Lourdes Gurriel
58%
TEX 2B Marcus Semien
58%
SF 3B Matt Chapman
58%
TEX 1B Nathaniel Lowe
58%
PHI RF Nick Castellanos
58%
BAL 3B Ramon Urias
58%
DET LF Riley Greene
58%
CIN 1B Spencer Steer
58%
KC 1B Vinnie Pasquantino
58%
SD 2B Xander Bogaerts
58%
CHW LF Andrew Benintendi
54%
CHW 1B Andrew Vaughn
54%
COL DH Charlie Blackmon
54%
NYM CF Harrison Bader
54%
BAL 2B Jackson Holliday
54%
SD 1B Jake Cronenworth
54%
TEX C Jonah Heim
54%
CIN 2B Jonathan India
54%
MIL 1B Rhys Hoskins
54%
ATL C Travis d'Arnaud
54%
MIL SS Willy Adames
54%
CLE 2B Andres Gimenez
50%
PIT LF Bryan Reynolds
50%
MIN CF Byron Buxton
50%
MIN 1B Carlos Santana
50%
TOR LF Daulton Varsho
50%
COL SS Ezequiel Tovar
50%
SD SS Ha-Seong Kim
50%
TB 3B Isaac Paredes
50%
LAD RF Jason Heyward
50%
SEA 2B Jorge Polanco
50%
SD LF Jurickson Profar
50%
WAS C Keibert Ruiz
50%
WAS RF Lane Thomas
50%
LAA C Logan O'Hoppe
50%
CHC RF Seiya Suzuki
50%
DET 1B Spencer Torkelson
50%
LAA LF Taylor Ward
50%
BOS LF Tyler O'Neill
50%
LAA 3B Anthony Rendon
46%
CHC DH Cody Bellinger
46%
MIA 1B Jake Burger
46%
HOU CF Jake Meyers
46%
NYM DH J.D. Martinez
46%
PHI CF Johan Rojas
46%
SEA 3B Josh Rojas
46%
STL RF Lars Nootbaar
46%
OAK RF Lawrence Butler
46%
MIN RF Max Kepler
46%
SF LF Michael Conforto
46%
LAD SS Miguel Rojas
46%
KC LF M.J. Melendez
46%
COL LF Nolan Jones
46%
CHC CF Pete Crow-Armstrong
46%
PIT 1B Rowdy Tellez
46%
COL 3B Ryan McMahon
46%
SEA 1B Ty France
46%
CIN C Tyler Stephenson
46%
PIT DH Andrew McCutchen
42%
CHW DH Eloy Jimenez
42%
ARI C Gabriel Moreno
42%
MIL DH Gary Sanchez
42%
LAD 2B Gavin Lux
42%
KC RF Hunter Renfroe
42%
MIL LF Jackson Chourio
42%
MIA RF Jesus Sanchez
42%
OAK CF J.J. Bleday
42%
SF DH Jorge Soler
42%
PIT 3B Ke'Bryan Hayes
42%
SD DH Luis Arraez
42%
BOS DH Masataka Yoshida
42%
CHC 1B Michael Busch
42%
SEA RF Mitch Haniger
42%
CHC 2B Nico Hoerner
42%
SF C Patrick Bailey
42%
CHW SS Paul DeJong
42%
OAK C Shea Langeliers
42%
STL LF Brendan Donovan
38%
COL 2B Brendan Rodgers
38%
MIL 2B Brice Turang
38%
WAS DH Jesse Winker
38%
ARI DH Joc Pederson
38%
HOU 1B Jon Singleton
38%
CHW C Korey Lee
38%
SF 1B LaMonte Wade
38%
SD C Luis Campusano
38%
KC 2B Michael Massey
38%
CHW 2B Nicky Lopez
38%
MIA 2B Otto Lopez
38%
DET CF Parker Meadows
38%
TEX LF Wyatt Langford
38%
PIT C Yasmani Grandal
38%
LAA SS Zach Neto
38%
OAK 2B Zack Gelof
38%
BOS SS Ceddanne Rafaela
35%
PIT RF Connor Joe
35%
CHW RF Gavin Sheets
35%
SF CF Heliot Ramos
35%
DET C Jake Rogers
35%
WAS LF James Wood
35%
LAA RF Jo Adell
35%
TB SS Jose Caballero
35%
MIN 3B Jose Miranda
35%
SEA LF Luke Raley
35%
NYM 3B Mark Vientos
35%
STL SS Masyn Winn
35%
PIT CF Michael A. Taylor
35%
SEA DH Mitch Garver
35%
CIN CF T.J. Friedl
35%
STL DH Alec Burleson
31%
LAD CF Andy Pages
31%
CHC 3B Christopher Morel
31%
ARI SS Geraldo Perdomo
31%
CIN RF Jake Fraley
31%
ATL LF Jarred Kelenic
31%
TB CF Jose Siri
31%
TOR CF Kevin Kiermaier
31%
TEX CF Leody Taveras
31%
HOU LF Mauricio Dubon
31%
SF RF Mike Yastrzemski
31%
STL 2B Nolan Gorman
31%
STL C Pedro Pages
31%
MIN C Ryan Jeffers
31%
MIL RF Sal Frelick
31%
SF SS Tyler Fitzgerald
31%
CLE SS Brayan Rocchio
27%
DET 3B Gio Urshela
27%
WAS CF Jacob Young
27%
ARI RF Jake McCarthy
27%
CIN 3B Jeimer Candelario
27%
KC CF Kyle Isbel
27%
LAA 1B Nolan Schanuel
27%
DET 2B Colt Keith
23%
TOR 2B Davis Schneider
23%
WAS 1B Joey Gallo
23%
MIL 3B Joey Ortiz
23%
LAA CF Mickey Moniak
23%
SF 2B Thairo Estrada
23%
MIN DH Trevor Larnach
23%
CIN LF Will Benson
23%
MIA SS Xavier Edwards
23%
COL C Jacob Stallings
19%
COL 1B Michael Toglia
19%
CHC C Miguel Amaya
19%
PIT 2B Nick Gonzales
19%
MIA LF Nick Gordon
19%
OAK 1B Tyler Soderstrom
19%
CLE RF Will Brennan
19%
OAK 3B Abraham Toro
15%
COL CF Brenton Doyle
15%
MIN 2B Edouard Julien
15%
BOS 2B Enmanuel Valdez
15%
TOR 3B Ernie Clement
15%
MIA C Nick Fortes
15%
LAA 2B Brandon Drury
12%
MIN LF Manuel Margot
12%
KC DH Nelson Velazquez
12%
LAA DH Willie Calhoun
12%
TB C Ben Rortvedt
8%
COL RF Jake Cave
8%
CHW 3B Lenyn Sosa
8%
STL CF Michael Siani
8%
OAK LF Miguel Andujar
8%
CIN DH Nick Martini
8%
TEX DH Travis Jankowski
8%
MIL CF Blake Perkins
4%
OAK SS Max Schuemann
4%
MIA 3B Emmanuel Rivera
0%
DET DH Justyn-Henry Malloy
0%
WAS 3B Trey Lipscomb
0%
No matching quizzes found
Score Distribution
Percent of People with Each Score
Percentile by Number Answered
Your Score History
You have not taken this quiz